La cara campesina de nuestra historia /
Guardado en:
| Autor principal: | |
|---|---|
| Otros Autores: | , |
| Formato: | Libro |
| Lenguaje: | Spanish |
| Publicado: |
La Paz, Bolivia
UNITAS
1985
|
| Edición: | 2da. edición corregida y ampliada |
| Materias: | |
| Etiquetas: |
Agregar Etiqueta
Sin Etiquetas, Sea el primero en etiquetar este registro!
|
MARC
| LEADER | 00000nam a22000007a 4500 | ||
|---|---|---|---|
| 003 | cru CIDCACS/IIS | ||
| 005 | 20180608150344.0 | ||
| 008 | 180608b ||||| |||| 00| 0 spa d | ||
| 999 | |c 41515 |d 41515 | ||
| 040 | |c cru CIDCACS/IIS | ||
| 100 | 1 | |9 7351 |a Albo, Xavier |e Autor | |
| 245 | 1 | 3 | |a La cara campesina de nuestra historia / |c Xavier Albo y Josep M. Barnadas ; con la colaboración de Arturo Sist |
| 250 | |a 2da. edición corregida y ampliada | ||
| 260 | |a La Paz, Bolivia |b UNITAS |c 1985 | ||
| 300 | |a 306 páginas | ||
| 500 | |a Colección Alforja | ||
| 650 | 1 | 7 | |9 5363 |a CAMPESINOS |
| 650 | 1 | 0 | |9 136 |a HISTORIA |
| 650 | 1 | 7 | |9 3065 |a EPOCA PRECOLOMBINA |
| 650 | 1 | 7 | |9 2644 |a INDEPENDENCIA |
| 650 | 1 | 7 | |9 601 |a CAUDILLOS |
| 650 | 1 | 7 | |9 3277 |a OLIGARQUIA |
| 650 | 1 | 0 | |9 137 |a REVOLUCION |
| 650 | 1 | 7 | |9 2228 |a SINDICALISMO |
| 650 | 4 | |9 1934 |a MILITARISMO | |
| 700 | 1 | |9 7352 |a Barnadas, Josep M. |e Autor | |
| 700 | 1 | |9 7353 |a Sist, Arturo |e Autor | |
| 942 | |2 ddc |c LI | ||
